• 首页
  • 本馆介绍
  • 公告通知
  • 最新文献
  • 馆藏检索
  • 电子资源
  • 读者导购
  • 参考咨询
  • 我的图书馆
  • 登录
  • 详细信息显示
  • 放入我的书架
  • 预约/预借图书
  • 作者相关作品
  • 分类相关作品
  • 丛书相关作品
  • 出版社相关作品

书目信息

  • 表格格式
  • 工作单格式
  • 卡片格式
题名:
古汉语常用字字典
    
 
作者: 王力 ;蒋绍愚
分册: 第四版  
出版信息: 北京   商务印书馆  2005
页数: 569页
开本: 20cm
丛书名:
单 册:
中图分类: H163
科图分类:
主题词: 汉语--词典学
电子资源:
ISBN: 7-100-04285-2
000 00625nam0 2200205 450
001 2637624800
005 20260414103045.68
010    @a7-100-04285-2@d32.00、
100    @a20260414d2005 km y0chiy0120 ea
101 0  @achi
102    @aCN@b110000
200 1  @a古汉语常用字字典@AGu Han Yu Chang Yong Zi Zi Dian@h第四版@f王力等@FWang Li Deng@g蒋绍愚等@GJiang Shao Yu Deng
210    @a北京@c商务印书馆@d2005
215    @a569页@d20cm
606 0  @a汉语@x词典学
690    @aH163@v4
701  0 @a王力@AWang Li
702  0 @a蒋绍愚@AJiang Shao Yu
801  0 @aCN@b大连网信软件有限公司图书馆·11@c20260414
905    @aZUCC@dH163@e382
    
    古汉语常用字字典.第四版/王力等/蒋绍愚等.-北京:商务印书馆,2005
    569页;20cm
    
    
    ISBN 7-100-04285-2:32.00、
    
●
相关链接 在E读中查询图书 在五车中查询图书 在当当中查询图书 在豆瓣中查询图书


正题名:古汉语常用字字典     索取号:H163/382         预约/预借

序号 登录号 条形码 馆藏地/架位号 状态 备注
1 1442643   214426432   第二样本阅览室/ [索取号:H163/382] 在馆    
唐山师范学院图书馆 欢迎您!
大连网信软件有限公司© 版权所有